| 000 | 00359nam a2200145Ia 4500 | ||
|---|---|---|---|
| 008 | 191201s2005 xx 000 0 und d | ||
| 082 |
_a005.133 _bLAO |
||
| 100 | _aLAFORE, Robert | ||
| 245 | 0 | _aObject Oriented Programming in C++ | |
| 250 | _a4th | ||
| 260 |
_aN.Delhi _bGalgotia Pub. Pvt _c2005 |
||
| 300 | _a1012 | ||
| 650 | _aB.Tech(CSE) | ||
| 942 |
_2ddc _cBK |
||
| 999 |
_c1460 _d1460 |
||